00783cam a2200229 a 4500999001500000001000600015003000900021005001700030008004000047020001500087040002800102082001600130245007600146260004700222300002400269650004500293650003600338650001400374700002400388942001200412952012900424 c3942d394219374BD-DhUAP20200315153358.0200315s1998 enk b 000 0 eng  a1853267651 aDLCcDLCbEngdBD-DhUAP 223a423 WOR00aThe Wordsworth dictionary and thesaurus /cEdited by Catherine Schwarz. aEdinburgh :bWordsworth Reference,cc1998. a450 pages ;c27 cm. aEnglish languagevSynonyms and antonyms. aEncyclopedias and dictionaries. aThesauri. aSchwarz, Catherine. 2ddccBK 00102ddc4070aUAPCLbUAPCLcGeneral Stacksd2020-03-15l1o423 WORp3010019374r2023-01-31s2023-01-31t1w2020-03-15yBK